Triumph and tragedy / (Record no. 616213)

000 -LEADER
fixed length control field 01206cam a2200277 a 4500
082 00 - DEWEY DECIMAL CLASSIFICATION NUMBER
Classification number 940.5421
-- 940.5421
Author Mark CHU
100 1# - MAIN ENTRY--PERSONAL NAME
Personal name Churchill, Winston,
Dates associated with a name 1874-1965.
9 (RLIN) 133248
245 10 - TITLE STATEMENT
Title Triumph and tragedy /
Statement of responsibility, etc. Winston S. Churchill.
260 ## - PUBLICATION, DISTRIBUTION, ETC.
Place of publication, distribution, etc. Boston :
Name of publisher, distributor, etc. Houghton Mifflin,
Date of publication, distribution, etc. [1985], c1953.
300 ## - PHYSICAL DESCRIPTION
Extent 800 p. :
Other physical details ill. ;
Dimensions 20 cm.
336 ## - CONTENT TYPE
Content type term text
Content type code txt
Source rdacontent
337 ## - MEDIA TYPE
Media type term unmediated
Media type code n
Source rdamedia
338 ## - CARRIER TYPE
Carrier type term volume
Carrier type code nc
Source rdacarrier
490 1# - SERIES STATEMENT
Series statement The Second World War ;
Volume/sequential designation v. 6
500 ## - GENERAL NOTE
General note Includes index.
600 10 - SUBJECT ADDED ENTRY--PERSONAL NAME
Personal name Churchill, Winston,
Dates associated with a name 1874-1965.
9 (RLIN) 133248
650 #0 - SUBJECT ADDED ENTRY--TOPICAL TERM
Topical term or geographic name entry element World War, 1939-1945
General subdivision Campaigns
Geographic subdivision Europe.
9 (RLIN) 133249
650 #0 - SUBJECT ADDED ENTRY--TOPICAL TERM
Topical term or geographic name entry element World War, 1939-1945
General subdivision Diplomatic history.
9 (RLIN) 50004
651 #0 - SUBJECT ADDED ENTRY--GEOGRAPHIC NAME
Geographic name Europe
General subdivision History
Chronological subdivision 1918-1945.
9 (RLIN) 133250
800 1# - SERIES ADDED ENTRY--PERSONAL NAME
Personal name Churchill, Winston,
Dates associated with a name 1874-1965..
Title of a work Second World War (1985) ;
Volume/sequential designation v. 6.
9 (RLIN) 133251
856 42 - ELECTRONIC LOCATION AND ACCESS
Materials specified Publisher description
Uniform Resource Identifier <a href="http://www.loc.gov/catdir/description/hm021/86144270.html">http://www.loc.gov/catdir/description/hm021/86144270.html</a>
856 42 - ELECTRONIC LOCATION AND ACCESS
Materials specified Contributor biographical information
Uniform Resource Identifier <a href="http://www.loc.gov/catdir/enhancements/fy0737/86144270-b.html">http://www.loc.gov/catdir/enhancements/fy0737/86144270-b.html</a>
906 ## - LOCAL DATA ELEMENT F, LDF (RLIN)
a 7
b cbc
c orignew
d 2
e ncip
f 19
g y-gencatlg
942 ## - ADDED ENTRY ELEMENTS (KOHA)
Source of classification or shelving scheme
Koha item type Book
Holdings
Withdrawn status Lost status Source of classification or shelving scheme Damaged status Not for loan Permanent Location Current Location Date acquired Source of acquisition Total Checkouts Full call number Barcode Date last seen Price effective from Koha item type
          NUST Law School (NLS) NUST Law School (NLS) 02/16/2026 Donated by Mr. Salahuddin Khan Advocate Supreme Court of Pakistan   940.5421 CHU NLSD-574 02/16/2026 02/16/2026 Book
© 2023 Central Library, National University of Sciences and Technology. All Rights Reserved.